2061 : (Record no. 674)
[ view plain ]
| 000 -LEADER | |
|---|---|
| fixed length control field | 00925cam a2200277 a 4500 |
| 005 - DATE AND TIME OF LATEST TRANSACTION | |
| control field | 20260322212029.0 |
| 008 - FIXED-LENGTH DATA ELEMENTS--GENERAL INFORMATION | |
| fixed length control field | data |
| 010 ## - LIBRARY OF CONGRESS CONTROL NUMBER | |
| LC control number | 87047811 |
| 020 ## - INTERNATIONAL STANDARD BOOK NUMBER | |
| International Standard Book Number | 0345351738 : |
| Terms of availability | {dollar}17.95 |
| 020 ## - INTERNATIONAL STANDARD BOOK NUMBER | |
| International Standard Book Number | 9780345351739 : |
| Terms of availability | {dollar}17.95 |
| 040 ## - CATALOGING SOURCE | |
| Original cataloging agency | DLC |
| Transcribing agency | DLC |
| Modifying agency | DLC |
| 050 00 - LIBRARY OF CONGRESS CALL NUMBER | |
| Classification number | PR6005.L36 |
| Item number | A617 1988 |
| 051 ## - LIBRARY OF CONGRESS COPY, ISSUE, OFFPRINT STATEMENT | |
| Classification number | PR6005.L36 |
| Item number | A617 1988 Copy 2 |
| Copy information | Another copy. Dust jacket. Copyright deposit, June 21, 1989. |
| 082 00 - DEWEY DECIMAL CLASSIFICATION NUMBER | |
| Classification number | 823/.914 |
| Edition information | 19 |
| 001 - CONTROL NUMBER | |
| control field | data |
| 100 1# - MAIN ENTRY--PERSONAL NAME | |
| Personal name | Clarke, Arthur C. |
| Dates associated with a name | 1917-2008. |
| Fuller form of name | (Arthur Charles), |
| 245 10 - TITLE STATEMENT | |
| Title | 2061 : |
| Remainder of title | odyssey three / |
| Statement of responsibility, etc. | Arthur C. Clarke. |
| 250 ## - EDITION STATEMENT | |
| Edition statement | 1st ed. |
| 260 ## - PUBLICATION, DISTRIBUTION, ETC. | |
| Place of publication, distribution, etc. | New York : |
| Name of publisher, distributor, etc. | Ballantine Books, |
| Date of publication, distribution, etc. | 1988. |
| 300 ## - PHYSICAL DESCRIPTION | |
| Extent | xiii, 279 p. ; |
| Dimensions | 25 cm. |
| 500 ## - GENERAL NOTE | |
| General note | "A Del Rey book." |
| 655 #7 - INDEX TERM--GENRE/FORM | |
| Genre/form data or focus term | Science fiction. |
| Source of term | gsafd |
| 740 0# - ADDED ENTRY--UNCONTROLLED RELATED/ANALYTICAL TITLE | |
| Uncontrolled related/analytical title | Two thousand-sixty one. |
| 740 0# - ADDED ENTRY--UNCONTROLLED RELATED/ANALYTICAL TITLE | |
| Uncontrolled related/analytical title | Odyssey three. |
| 856 42 - ELECTRONIC LOCATION AND ACCESS | |
| Materials specified | Publisher description |
| Uniform Resource Identifier | <a href="http://www.loc.gov/catdir/description/random0412/87047811.html">http://www.loc.gov/catdir/description/random0412/87047811.html</a> |
| Withdrawn status | Lost status | Damaged status | Not for loan | Home library | Current library | Shelving location | Date acquired | Total checkouts | Full call number | Barcode | Date last seen | Price effective from | Koha item type |
|---|---|---|---|---|---|---|---|---|---|---|---|---|---|
| Franklin | Franklin | General stacks | 22/03/2026 | 823/.914 19 | BC0010691 | 22/03/2026 | 22/03/2026 | Books |